000 01635cam a2200529 a 4500
001 22109
003 VRT
005 20260320105824.0
008 240318s2015 xo e 000 f slo
015 _aSNBA2016/02
020 _a9788081146008
_q(brož.)
035 _aurn:nbn:sk:snk-am00bai0
035 _aurn:nbn:sk:snk-am3h8s0
035 _a45FF4A8C-7D93-41FE-9310-1E736BF23DEB
039 9 _a202403182128
_bVLOAD
_c201811301441
_dVLOAD
_c201808221229
_dmbpksh04
_c201609291303
_dmtotk19
040 _aPPPK
_bslo
_cPPPK
_dSNK
_eAACR2
041 0 _aslo
044 _axo
_cSK
072 7 _a821.162.4-3
_xSlovenská próza
_2konspekt
080 _a821.162.4-31
_22011
100 1 _aGajarská, Jaroslava,
_d1952-
_4aut
245 1 0 _aIncest
_cJaroslava Gajarská
250 _a1. vyd.
260 _aBratislava
_bMarenčin PT
_c2015
300 _a188 s.
_c17 cm
655 7 _aslovenské romány
_2SNKPH
655 7 _aSlovak fiction
_2SNKPHeng
910 _apppk
910 _askpk
910 _avthk
910 _apokpoh
910 _asnk
910 _asllk
910 _attkjf
910 _asavuk
910 _ahevk
910 _atotk
910 _abpksh
942 _2ddc
_cKLDO
_n0
949 _63869A14284
_abpksh821.162.4-31
_bbpksh70929
949 _6270001000528344
_asvkbbA 147239
_bsvkbbm 760010
949 _617A1180506
_asnkSD 85007
_bsnk2016/4229
_o393/16
_s6100:20160303
949 _617A1180507
_asnkSD 85007 D1
_bsnk2016/4230
_o393/16
949 _6273K0598630
_asvkpoA 228467
_bsvkpo594982
949 _62889311605
_asavukPV 22181
_bsavuk2016/1021
999 _c22109
_d22109